000 01017nam a22002777a 4500
005 20170124102925.0
010 _aB-082021
020 _c00.00
035 _aB-082021
037 _bCen Lib/Ret
040 _aDPL
_bHN
082 _a820.92
_bप्रभाकर
100 _aप्रभाकर ,विष्णु
_97856
245 _aपंखहीन :
_c विष्णु प्रभाकर
_bआत्मकथा /
246 _apankhheen aatmkatha
_bby Vishnu prabhakar
260 _aदिल्ली
_bराजपाल
_c2008
270 _aदिल्ली
_b दिल्ली
_e11003
300 _a206पृष्ठ.
_c20सेमी(सजिल्द)
650 _aहिंदी साहित्य
_943424
650 _aहिंदी आत्मकथा
_943425
650 _aHindi Literature
_943426
650 _ahindi autobiography
_943427
700 _943331
700 _943397
942 _2ddc
_cHN
_h820.92
_mप्रभाकर
999 _c111551
_d111551